Statistics for Executions in History

Click here to take the quiz!

General Stats

  • This quiz has been taken 15,251 times
  • The average score is 10 of 20

Answer Stats

WhenWhereMethodChargesWho% Correct
2006BaghdadHangingMurder and tortureSaddam Hussein
89%
≈ 33JerusalemCrucifixionClaiming to be King of the JewsJesus
87%
1945Northern ItalyInformal firing squadAggravated fascismBenito Mussolini
80%
1793ParisGuillotineTyranny; kinging;
Causing French blood to flow
Louis XVI
71%
1967BoliviaSummary shootingFomenting revolution; Guerilla warfareChe Guevara
68%
1606LondonHanging, drawing,
quartering
Trying to blow up ParliamentGuy Fawkes
67%
1793ParisGuillotineOrgies; incest; sending money to AustriaMarie Antoinette
67%
1536LondonBeheadingAdultery against the King; IncestAnne Boleyn
56%
1305LondonHanging, drawing,
quartering
Fighting a war for Scottish independenceWilliam Wallace
56%
1918YekaterinburgInformal firing squadExisting; WWI lossesNicholas II
43%
2001IndianaLethal injectionOklahoma City bombingTimothy McVeigh
42%
1649LondonBeheadingTreason against ParliamentCharles I
35%
1994IllinoisLethal injectionSerial killing; Clowning without a licenseJohn Wayne Gacy
33%
1962IsraelHangingHolocaust crimes; Banal evilAdolf Eichmann
32%
1859VirginiaHangingHarper's Ferry raidJohn Brown
31%
1953New YorkElectric chairPassing nuclear secrets to the USSRJulius and Ethel
Rosenberg
31%
1618LondonBeheadingPlotting against King James;
Introducing smoking
Sir Walter Raleigh
28%
1880MelbourneHangingBushranging; Killing of policeNed Kelly
26%
1535LondonBeheadingPapism; Burning heretics;
Failure to attend a coronation
Thomas More
22%
1776New YorkHangingSpying; Having but one life to
give for his country
Nathan Hale
18%

Score Distribution

Percentile by Number Answered

Percent of People with Each Score

Your Score History

You have not taken this quiz